Urban planning and real estate development / (Record no. 531482)
[ view plain ]
| 000 -LEADER | |
|---|---|
| fixed length control field | 00929cam a2200301 a 4500 |
| 001 - CONTROL NUMBER | |
| control field | 3538165 |
| 003 - CONTROL NUMBER IDENTIFIER | |
| control field | NUST |
| 005 - DATE AND TIME OF LATEST TRANSACTION | |
| control field | 20191017152638.0 |
| 008 - FIXED-LENGTH DATA ELEMENTS--GENERAL INFORMATION | |
| fixed length control field | 960930s1996 enka b 001 0 eng d |
| 010 ## - LIBRARY OF CONGRESS CONTROL NUMBER | |
| LC control number | 96223096 |
| 035 ## - SYSTEM CONTROL NUMBER | |
| System control number | (OCoLC)35655611 |
| 038 ## - RECORD CONTENT LICENSOR | |
| Staff Name | MSOHAIL |
| 040 ## - CATALOGING SOURCE | |
| Original cataloging agency | ICU |
| Transcribing agency | ICU |
| Modifying agency | DLC |
| 042 ## - AUTHENTICATION CODE | |
| Authentication code | lccopycat |
| 050 00 - LIBRARY OF CONGRESS CALL NUMBER | |
| Classification number | HT165.5 |
| Item number | .R37 1996 |
| 082 ## - DEWEY DECIMAL CLASSIFICATION NUMBER | |
| Classification number | 0 |
| 100 1# - MAIN ENTRY--PERSONAL NAME | |
| Personal name | John Ratcliffe |
| 9 (RLIN) | 24255 |
| 245 10 - TITLE STATEMENT | |
| Title | Urban planning and real estate development / |
| 260 ## - PUBLICATION, DISTRIBUTION, ETC. | |
| Place of publication, distribution, etc. | London ; |
| -- | Bristol, PA : |
| Name of publisher, distributor, etc. | UCL Press, |
| Date of publication, distribution, etc. | 2002. |
| 300 ## - PHYSICAL DESCRIPTION | |
| Extent | x, 497 p. : |
| Other physical details | ill. ; |
| Dimensions | 24 cm. |
| 440 #4 - SERIES STATEMENT/ADDED ENTRY--TITLE | |
| Volume/sequential designation | 8 |
| 9 (RLIN) | 24259 |
| 504 ## - BIBLIOGRAPHY, ETC. NOTE | |
| Bibliography, etc. note | Includes bibliographical references and index. |
| 650 #0 - SUBJECT ADDED ENTRY--TOPICAL TERM | |
| Topical term or geographic name entry element | City planning. |
| 9 (RLIN) | 808 |
| 650 #0 - SUBJECT ADDED ENTRY--TOPICAL TERM | |
| Topical term or geographic name entry element | Real estate development. |
| 9 (RLIN) | 24256 |
| 906 ## - LOCAL DATA ELEMENT F, LDF (RLIN) | |
| a | 7 |
| b | cbc |
| c | copycat |
| d | 2 |
| e | ncip |
| f | 19 |
| g | y-gencatlg |
| 942 ## - ADDED ENTRY ELEMENTS (KOHA) | |
| Source of classification or shelving scheme | |
| Koha item type | Book |
| Withdrawn status | Lost status | Source of classification or shelving scheme | Damaged status | Not for loan | Permanent Location | Current Location | Date acquired | Total Checkouts | Barcode | Date last seen | Price effective from | Koha item type |
|---|---|---|---|---|---|---|---|---|---|---|---|---|
| School of Civil and Environmental Engineering (SCEE) | School of Civil and Environmental Engineering (SCEE) | 10/17/2019 | NIT-11499 | 10/17/2019 | 10/17/2019 | Book | ||||||
| School of Civil and Environmental Engineering (SCEE) | School of Civil and Environmental Engineering (SCEE) | 10/17/2019 | NIT-11500 | 10/17/2019 | 10/17/2019 | Book | ||||||
| School of Civil and Environmental Engineering (SCEE) | School of Civil and Environmental Engineering (SCEE) | 10/17/2019 | NIT-11501 | 10/17/2019 | 10/17/2019 | Book |
